000 00233nam a2200097Ia 4500
008 190216s9999||||xx |||||||||||||| ||und||
100 _aSyril Meller
245 0 _aGrammer Of Modern English
260 _bLongman &green &co
942 _cBK
999 _c15191
_d15191